Kognice a umělý život VII

Na minha lista:
Detalhes bibliográficos
Outros Autores: Kelemen, Jozef (Compiler), Kvasnička, Vladimír, 1941- (Compiler), Pospíchal, Jiří, 1961- (Compiler)
Formato: Livro
Idioma:eslovaco
tcheco
Publicado em: Opava: Slezská univerzita, 2007
Tags: Adicionar Tag
Sem tags, seja o primeiro a adicionar uma tag!

MARC

LEADER 00000nam a22000003a 4500
001 stu143295
005 20221207095947.1
008 070716s2007----xr------------------slo-d
020 |a 978-80-7248-412-6 
040 |a STU  |b slo 
041 0 |a slo  |a cze 
044 |a xr 
100 1 |a Kelemen, Jozef  |4 com  |X 71129  |7 71129 
242 0 0 |a Cognition and Artificial Life VII  |y eng 
245 1 |a Kognice a umělý život VII 
260 |a Opava: Slezská univerzita,  |c 2007 
300 |a 395 s 
700 1 |a Kvasnička, Vladimír,  |d 1941-  |4 com  |u I300  |U FIIT Fakulta informatiky a informačných technológií  |T FIIT Ústav aplikovanej informatiky  |X 1789  |U I300  |Y 180  |7 A000001789 
700 1 |a Pospíchal, Jiří,  |d 1961-  |4 com  |u I300  |U FIIT Fakulta informatiky a informačných technológií  |T FIIT Ústav aplikovanej informatiky  |X 1743  |U I300  |Y 180  |7 A000001743 
996 |b IZ426  |c I*Z426  |l II680  |s A  |a 24  |w stu143295_0001 
996 |c KEL  |l II680  |s A  |a 24  |w stu143295_0002 
996 |b IZ432  |c I*Z432  |l II680  |s A  |a 24  |w stu143295_0003